| 000 | 00610nam a22001817a 4500 | ||
|---|---|---|---|
| 008 | 160323b xxu||||| |||| 00| 0 eng d | ||
| 020 | _a0-77905-019-04 | ||
| 050 | _aHC930.T75 1995 | ||
| 100 |
_aTsei, Balefi _923348 |
||
| 245 |
_aThe Political economy of Botswana in SADCC _c/ Balefi Tsei |
||
| 260 |
_aHarare _bSapes Books _c1995 |
||
| 300 |
_axv, 366p. ; _c21cm. |
||
| 440 |
_aSouthern Africa specialised studies _923349 |
||
| 650 |
_aIndustrial policy _zBotswana _923350 |
||
| 650 |
_aIndustries _zBotswana _923351 |
||
| 650 |
_aBotswana _xDependency on foreign countries _923352 |
||
| 942 |
_2lcc _cMONOGRAPH |
||
| 999 |
_c124477 _d124477 |
||